El Pórtico de la Gloria (Record no. 158030)
[ view plain ]
| 000 -LEADER | |
|---|---|
| campo de control de longitud fija | 01250nam a22002655i 4500 |
| 001 - NÚMERO DE CONTROL | |
| campo de control | 158030 |
| 003 - IDENTIFICADOR DE NÚMERO DE CONTROL | |
| campo de control | ES-MaACL |
| 005 - FECHA Y HORA DE LA ÚLTIMA TRANSACCIÓN | |
| campo de control | 20250907063119.0 |
| 008 - DATOS DE LONGITUD FIJA--INFORMACIÓN GENERAL | |
| campo de control de longitud fija | 960320s1893 sp a |||| | spa d |
| 040 ## - FUENTE DE CATALOGACIÓN | |
| Centro catalogador/agencia de origen | GA |
| Lengua de catalogación | spa |
| Centro/agencia transcriptor | CCPB | SIC |
| 100 1# - ENTRADA PRINCIPAL--NOMBRE DE PERSONA | |
| Nombre de persona | López Ferreiro, Antonio, |
| Fechas asociadas al nombre | 1837-1910 |
| 9 (RLIN) | 73640 |
| 245 13 - MENCIÓN DEL TÍTULO | |
| Título | El Pórtico de la Gloria |
| Resto del título | : estudio sobre este célebre monumento de la basilica compostelana / |
| Mención de responsabilidad, etc. | por el M.I. Sr. Licenciado D. Antonio López Ferreiro... ; dibujos de A. Bar ; grabados de E. Mayer. |
| 250 ## - MENCION DE EDICION | |
| Mención de edición | 2ª ed. |
| 260 ## - PUBLICACIÓN, DISTRIBUCIÓN, ETC. | |
| Lugar de publicación, distribución, etc. | Santiago : |
| Nombre del editor, distribuidor, etc. | [s.n.], |
| Fecha de publicación, distribución, etc. | 1893 ( |
| Fabricante | Imp. y Enc. del Seminario C. Central) |
| 300 ## - DESCRIPCIÓN FÍSICA | |
| Extensión | 155, [2] p., [1] f. pleg. : |
| Otras características físicas | il. ; |
| Dimensiones | 28 cm. |
| 597 ## - NOTA DE DESCRIPCIÓN FÍSICA | |
| NOTA DE DESCRIPCIÓN FÍSICA | Ilustraciones xil. |
| 597 ## - NOTA DE DESCRIPCIÓN FÍSICA | |
| NOTA DE DESCRIPCIÓN FÍSICA | Una h. pleg. y un alzado y vista general del Pórtico, firmado por E. Mayer" e "Angel Bar" |
| 600 14 - PUNTO DE ACCESO ADICIONAL DE MATERIA--NOMBRE DE PERSONA | |
| Nombre de persona | Mateo |
| Títulos y otros términos asociados al nombre | Maestro. |
| 9 (RLIN) | 149303 |
| 650 #4 - PUNTO DE ACCESO ADICIONAL DE MATERIA--TÉRMINO DE MATERIA | |
| Término de materia o nombre geográfico como elemento de entrada | Pórtico de la Gloria (Catedral de Santiago de Compostela) |
| 9 (RLIN) | 150988 |
| 650 #4 - PUNTO DE ACCESO ADICIONAL DE MATERIA--TÉRMINO DE MATERIA | |
| Término de materia o nombre geográfico como elemento de entrada | Escultura románica- |
| Subdivisión geográfica | Galicia. |
| 9 (RLIN) | 150989 |
| 700 1# - ENTRADA AGREGADA--NOMBRE PERSONAL | |
| Nombre de persona | Bar, Angel. |
| 9 (RLIN) | 157051 |
| 700 1# - ENTRADA AGREGADA--NOMBRE PERSONAL | |
| Nombre de persona | Mayer, E. |
| Títulos y otros términos asociados al nombre | il. |
| 9 (RLIN) | 129755 |
| 852 ## - LOCALIZACIÓN | |
| Ubicación | ES-MaACL |
| Número de control de estantería | T-840-F-12 |
| Nota libre | -- Enc. hol. deteriorado |
| condición física | -- Falto de la vista alzada del Pórtico de la Gloria |
| Nota libre | -- Enc. en un vol. facticio |
| Estatus retirado | Estado de pérdida | Estado de daño | No para préstamo | Colección | Biblioteca de origen | Biblioteca actual | Ubicación en estantería | Fecha de adquisición | Total de préstamos | Signatura topográfica completa | Código de barras | Visto por última vez | Precio de reemplazo | Tipo de ítem Koha |
|---|---|---|---|---|---|---|---|---|---|---|---|---|---|---|
| Colección de folletos | Biblioteca del Ateneo de Madrid | Biblioteca del Ateneo de Madrid | Depósito folletos | 17/01/2008 | T-840-F-12 | 1165391 | 23/02/2023 | 23/02/2023 | Folleto |
